| 000 | 00000cam 2200000zi 4500 |
| 001 | 9.557960 |
| 003 | CaOODSP |
| 005 | 20211209110554 |
| 007 | cr ||||||||||| |
| 008 | 150406s2001||||xxc|||||o f|0| 0 eng d |
| 020 | |a0-662-31092-6 |
| 022 | |a1205-9153 |
| 040 | |aCaOODSP|beng |
| 043 | |an-cn--- |
| 086 | 1 |aCS11-0019/176E-PDF|zCS11-0019/176E-IN |
| 100 | 1 |aMorissette, R. |q(René), |d1959- |eauthor. |
| 245 | 10|aWhich firms have high job vacancy rates in Canada? / |cby René Morissette and Xuelin Zhang. |
| 260 | |aOttawa, Ontario : |bStatistics Canada, |cOctober 2001. |
| 300 | |a1 online resource (42 pages) : |breferences, tables. |
| 336 | |atext|btxt|2rdacontent |
| 337 | |acomputer|bc|2rdamedia |
| 338 | |aonline resource|bcr|2rdacarrier |
| 490 | 1 |aAnalytical Studies Branch research paper series ; |x1205-9153|vNo. 176 |
| 520 | 3 |a"Since the Job Vacancy Survey conducted by Statistics Canada between 1971 and 1978, there was no data which directly measured job vacancies in Canada. Using data from the 1999 Workplace and Employee Survey (WES), we attempt to fill this gap"--Abstract. |
| 590 | |a12-37-Supp|b2012-09-24 |
| 710 | 2 |aStatistics Canada, |eissuing body. |
| 775 | 08|tQuelles entreprises ont des taux de vacance élevés au Canada? / |w(CaOODSP)9.590960 |
| 776 | 0#|tWhich firms have high job vacancy rates in Canada? / |w(CaOODSP)9.615778 |
| 830 | #0|aResearch paper series (Statistics Canada. Analytical Studies Branch)|x1205-9153|vNo. 176|w(CaOODSP)9.504421 |
| 856 | 40|ahttp://publications.gc.ca|qPDF|s199 KB|uhttps://publications.gc.ca/collections/Collection/CS11-0019-176E.pdf|yNo. 176 |